Statistics for Fastest Animals

Click here to take the quiz!

General Stats

  • This quiz has been taken 4,857 times
  • The average score is 8 of 21

Answer Stats

HintAnswer% Correct
65 mphfastest land animalCheetah
97%
44 mphfastest riding animalHorse
74%
24 mphfastest humanUsain Bolt
69%
44 mphfastest Australian mammalKangaroo
68%
60 mphfastest bird on the groundOstrich
64%
242 mphfastest birdPeregrine Falcon
63%
43 mphfastest dogGreyhound
58%
60 mphfastest flying mammalFree-tailed Bat
49%
31 mphfastest whaleOrca
46%
40 mphfastest marine mammalDolphin
44%
61 mphhighest vertebrate speed-to-body-length ratioAnna's Hummingbird
33%
13 mphfastest snakeBlack Mamba
26%
68 mphfastest fishSailfish
26%
55 mphcapable of rapid direction changes mid-runSpringbok (African Gazelle)
19%
35 mphfastest primatePatas Monkey
15%
55 mphfastest sustained runnerPronghorn (American Antelope)
15%
60 mphfastest insectSouthern Giant Darner
15%
22 mphfastest reptileLeatherback Sea Turtle
4%
105 mphfastest bird in flapping flightWhite-throated Needletail
4%
45 mphfastest jumping animalJackrabbit
3%
20 mphfastest reptile on landSix-lined Racerunner
1%

Score Distribution

Percentile by Number Answered

Percent of People with Each Score

Your Score History

You have not taken this quiz